<?xml version="1.0" encoding="UTF-8"?>
<record
    xmlns:xsi="http://www.w3.org/2001/XMLSchema-instance"
    xsi:schemaLocation="http://www.loc.gov/MARC21/slim http://www.loc.gov/standards/marcxml/schema/MARC21slim.xsd"
    xmlns="http://www.loc.gov/MARC21/slim">

  <leader>00989nam a2200181 i 4500</leader>
  <controlfield tag="001">189574</controlfield>
  <controlfield tag="003">ES-MaACL</controlfield>
  <controlfield tag="005">20250805063328.0</controlfield>
  <controlfield tag="008">190620s1857    sp f         |||| | spa d</controlfield>
  <datafield tag="100" ind1="1" ind2=" ">
    <subfield code="a">Naranjo y Garza, Felipe, </subfield>
    <subfield code="d">1809-1877</subfield>
    <subfield code="9">141837</subfield>
  </datafield>
  <datafield tag="245" ind1="1" ind2="0">
    <subfield code="a">Discurso sobre la necesidad de una descripci&#xF3;n completa de la cordillera de Sierra-Morena </subfield>
    <subfield code="b">: con relaci&#xF3;n a los tres reinos de la historia natural / </subfield>
    <subfield code="c">le&#xED;do por... Felipe Naranjo y Garza en la sesi&#xF3;n p&#xFA;blica de su recepci&#xF3;n como acad&#xE9;mico numerario,... el d&#xED;a 11 de enero de 1857.</subfield>
  </datafield>
  <datafield tag="260" ind1=" " ind2=" ">
    <subfield code="a">Madrid : </subfield>
    <subfield code="b">Imp., Fund. y Lib. de Don Eusebio Aguado, </subfield>
    <subfield code="c">1857.</subfield>
  </datafield>
  <datafield tag="300" ind1=" " ind2=" ">
    <subfield code="a">10 p. ; </subfield>
    <subfield code="c">28 cm.</subfield>
  </datafield>
  <datafield tag="594" ind1=" " ind2=" ">
    <subfield code="a">Datos tomados de cub.</subfield>
  </datafield>
  <datafield tag="651" ind1=" " ind2="4">
    <subfield code="a">Sierra Morena (Espa&#xF1;a)-</subfield>
    <subfield code="x">Descripci&#xF3;n.</subfield>
    <subfield code="9">167380</subfield>
  </datafield>
  <datafield tag="852" ind1=" " ind2=" ">
    <subfield code="a">ES-MaACL</subfield>
    <subfield code="j">L-32448(7) </subfield>
    <subfield code="z">- Enc. cart. </subfield>
    <subfield code="z">. - Legado Federico de Botella y de Hornos </subfield>
    <subfield code="z">- Enc. en un vol. facticio, con  t&#xED;t. en el lomo de: Espa&#xF1;a, geolog&#xED;a: memorias varias, 1</subfield>
  </datafield>
  <datafield tag="999" ind1=" " ind2=" ">
    <subfield code="c">189574</subfield>
    <subfield code="d">189574</subfield>
  </datafield>
  <datafield tag="952" ind1=" " ind2=" ">
    <subfield code="0">0</subfield>
    <subfield code="1">0</subfield>
    <subfield code="4">0</subfield>
    <subfield code="7">0</subfield>
    <subfield code="8">LIBXIX</subfield>
    <subfield code="a">ATENEOM</subfield>
    <subfield code="b">ATENEOM</subfield>
    <subfield code="c">DEPO2</subfield>
    <subfield code="d">2019-06-20</subfield>
    <subfield code="e">DON</subfield>
    <subfield code="l">0</subfield>
    <subfield code="o">L-32448(7)</subfield>
    <subfield code="p">1200885</subfield>
    <subfield code="r">2023-02-23 00:00:00</subfield>
    <subfield code="w">2023-02-23</subfield>
    <subfield code="y">MONANT</subfield>
  </datafield>
</record>
